000 00609nam a22002057a 4500
999 _c12619
_d12619
003 AR-CdUCM
008 190409b ||||| |||| 00| 0 spa d
040 _aMUNICIPALIDAD PROVINCIAL DEL CUSCO
_cBIBLIOTECA MUNICIPAL DEL CUSCO
082 _a869.5592 /
_bM23
100 _aMatto de Turner, Clorinda
_9719
245 _aHerencia :
_bnovela peruana /
260 _aLima :
300 _a342 páginas ;
_c19 cm.
500 _aTexto no cuenta con contra tapa.
505 _aContenido: Novela.
650 _aLiteratura Peruana
_9132
650 _aNovela
_95
942 _2ddc
_cLIBROS
945 _aachl
_d2019-04-09